Normal view
MARC view
Entry Personal Name
001 - CONTROL NUMBER
- control field: 9367
003 - CONTROL NUMBER IDENTIFIER
- control field: BD-RjUL
005 - DATE AND TIME OF LATEST TRANSACTION
- control field: 20231004150656.0
008 - FIXED-LENGTH DATA ELEMENTS
- fixed length control field: 231004|| aca||aabn | a|a d
040 ## - CATALOGING SOURCE
- Original cataloging agency: BD-RjUL
- Transcribing agency: BD-RjUL
100 ## - HEADING--PERSONAL NAME
- Personal name: Mondal, Md. Nazrul Islam, Co-Supervisor
670 ## - SOURCE DATA FOUND
- Source citation: Work cat.: (BD-RjUL)82048: Islam, Md. Shahidul 4549, An Assessment of Vulnerability to HIV Infection of Female Smugglers in Hilli Port, Bangladesh :, 2013